| 000 | 00899nam a22003017a 4500 | ||
|---|---|---|---|
| 001 | BR0902095 | ||
| 003 | BR-BrBNA | ||
| 005 | 20230928102926.0 | ||
| 007 | ta | ||
| 008 | 230509b bl.||||| |||| 00| 0 por d | ||
| 040 |
_aBR-BrBNA _bpor _cBiblioteca Nacional de Agricultura |
||
| 041 | _a(Eng) | ||
| 072 |
_aH20 _b0180 _b4120 |
||
| 090 | _ 0180 BR0902095 | ||
| 100 | 1 | _aDiehl, J.A. | |
| 110 | 1 |
_aUniversity of Nebraska, Lincoln (USA) _0Tese (Master Science) _911333 |
|
| 245 | 1 | _aInfluence of pH fusarial root rots of wheat and beans and identification of Fusarium isolates friom wheat | |
| 260 | 3 |
_aLincoln, Nebraska (USA): _c1977. |
|
| 300 | _a57 p.p. | ||
| 500 | _aBibliography p. 51-57; 15 illus. | ||
| 650 | _aTRIGO | ||
| 650 | _aFUSARIOSE | ||
| 650 | _aFUNGO | ||
| 650 | _aIDENTIFICAÇÃO | ||
| 650 | _aPODRIDÃO DA RAIZ | ||
| 909 |
_a202309 _bLucia _c55 _dLucia Elande |
||
| 942 | _cBK | ||
| 999 |
_c73010 _d73010 |
||